书目信息 |
| 题名: |
运筹学基础
|
|
| 作者: | 李志猛 , 刘进 编著 | |
| 分册: | ||
| 出版信息: | 北京 电子工业出版社 2020.01 |
|
| 页数: | XII, 376页 | |
| 开本: | 26cm | |
| 丛书名: | 应用运筹与博弈教材教辅系列 | |
| 单 册: | ||
| 中图分类: | O22 | |
| 科图分类: | ||
| 主题词: | 运筹学--yun chou xue--教材 | |
| 电子资源: | ||
| ISBN: | 978-7-121-35312-3 | |
| 000 | 01069nam 2200277 450 | |
| 001 | 0100015529 | |
| 005 | 20200929160438.0 | |
| 010 | @a978-7-121-35312-3@dCNY78.00 | |
| 100 | @a20191225d2020 em y0chiy50 ea | |
| 101 | 0 | @achi |
| 102 | @aCN@b110000 | |
| 105 | @aak a 000yy | |
| 106 | @ar | |
| 200 | 1 | @a运筹学基础@Ayun chou xue ji chu@f李志猛, 刘进编著 |
| 210 | @a北京@c电子工业出版社@d2020.01 | |
| 215 | @aXII, 376页@c图@d26cm | |
| 225 | 2 | @a应用运筹与博弈教材教辅系列@Aying yong yun chou yu bo yi jiao cai jiao fu xi lie |
| 320 | @a有书目 | |
| 330 | @a本书在作者十多年一线教学经验的基础上编写而成, 同时, 广泛参考了中外多类运筹学教材, 体例上充分考虑了读者自主学习的需求。书中主要内容围绕运筹学典型问题展开, 依次说明经典运筹学分支所针对的问题、问题适用的模型、模型的通用求解算法及结论的实践应用。 | |
| 410 | 0 | @12001 @a应用运筹与博弈教材教辅系列 |
| 606 | 0 | @a运筹学@Ayun chou xue@j教材 |
| 690 | @aO22@v5 | |
| 701 | 0 | @a李志猛@Ali zhi meng@4编著 |
| 701 | 0 | @a刘进@Aliu jin@4编著 |
| 801 | 0 | @aCN@c20191225 |
| 905 | @a河南城建学院图书馆@dO22@f2@eL334 | |
| 运筹学基础/李志猛, 刘进编著.-北京:电子工业出版社,2020.01 |
| XII, 376页:图;26cm.-(应用运筹与博弈教材教辅系列) |
| ISBN 978-7-121-35312-3:CNY78.00 |
| 本书在作者十多年一线教学经验的基础上编写而成, 同时, 广泛参考了中外多类运筹学教材, 体例上充分考虑了读者自主学习的需求。书中主要内容围绕运筹学典型问题展开, 依次说明经典运筹学分支所针对的问题、问题适用的模型、模型的通用求解算法及结论的实践应用。 |
| ● |
| 相关链接 |
|
|
|
正题名:运筹学基础
索取号:O22/L334
 
预约/预借
| 序号 | 登录号 | 条形码 | 馆藏地/架位号 | 状态 | 备注 |
| 1 | 1491890 | 214918909 | 自科库401/401自科库 78排2列2层/ [索取号:O22/L334] | 在馆 | |
| 2 | 1491891 | 214918918 | 自科库401/401自科库 78排2列2层/ [索取号:O22/L334] | 在馆 |